| 000 | 01387nam a2200253Ia 4500 | ||
|---|---|---|---|
| 999 |
_c39049 _d39049 |
||
| 001 | 5572 | ||
| 003 | GE_BSU | ||
| 005 | 20190524184244.0 | ||
| 008 | 181216s1997||||ge |||||||||||||| ||geo|| | ||
| 040 | _cGE_BSU | ||
| 041 | _ageo | ||
| 080 | _a69.05(076) ს-24 | ||
| 245 |
_aსამშენებლო წარმოების ტექნოლოგია:ამოცანათა კრებული სანიმუშო ამოცანების ამოხსნით ნაწ.1 / _cშ.ბაქანიძე, ზ. ეზუგბაია, ლ. კიკნაძე, ვ. ლოლაძე ; თ. ჟორდანიას რედაქციით. |
||
| 264 |
_aთბილისი : _bტექნიკური უნივერსიტეტი, _c1997 |
||
| 300 |
_a81 გვ.; _c20 სმ. |
||
| 504 | _aბიბლიოგრ. : გვ.78. | ||
| 653 | _aსამშენებლო წარმოების ტექნოლოგია | ||
| 700 |
_aბაქანიძე, შ _eავტორი _91607 |
||
| 700 |
_a ეზუგბაია, ზ. _eავტორი _91608 |
||
| 700 |
_aკიკნაძე, ლ. _eავტორი _91609 |
||
| 700 |
_aლოლაძე, ვ. _eავტორი _91610 |
||
| 700 |
_aჟორდანია, თ. _eრედაქტორი _91611 |
||
| 942 |
_cBK _2udc |
||